Gaming Quiz

Random Gaming or Nintendo Quiz

Ground Pokémon (Gen I) Quiz Stats

 Plays Quiz Updated Oct 5, 2016

Challenge
Share
Tweet
Embed
Score 0/14 Timer 03:00
9 Plays Today
Pokémon name % Correct
Geodude
95.5%
Graveler
91%
Golem
90.6%
Onix
83.7%
Diglett
75.8%
Dugtrio
75.5%
Sandshrew
74.2%
Pokémon name % Correct
Sandslash
73.9%
Rhydon
67%
Rhyhorn
66.8%
Nidoking
57.4%
Nidoqueen
57.1%
Cubone
51.9%
Marowak
50.8%

You're not logged in!

Compare scores with friends on all Sporcle quizzes.
Join for Free
OR
Log In

You Might Also Like...

Show Comments

Extras

Top Quizzes Today


Score Distribution

Your Account Isn't Verified!

In order to create a playlist on Sporcle, you need to verify the email address you used during registration. Go to your Sporcle Settings to finish the process.

Report this User

Report this user for behavior that violates our Community Guidelines.

Details: